Statistiques concernant Les mots de la langue française terminés par "pie"

Cliquez ici pour prendre le quiz!

Statistiques générales

  • Ce quiz a été pris 232 fois
  • Le résultat moyen est 7 sur 14

Statistiques - réponses

IndiceMot% Correct
oiseaupie
94%
trouble de la visionmyopie
86%
jouettoupie
80%
monnaieroupie
77%
divinité mi-femme, mi-oiseauharpie
71%
fervent admirateurgroupie
64%
manuscritcopie
52%
traitementtherapie
40%
illusionutopie
37%
courant de contre-culturehippie
33%
mégèrechipie
24%
reproductionphotocopie
23%
soif intensepépie
22%
pansementcharpie
20%

Distribution des résultats

Percentile par nombre de réponses

% des personnes avec chaque résultat

Votre développement - résultats

Vous n’avez pas pris ce quiz